000 01324nam a2200313 i 4500
003 EG-GICUC
005 20260317123146.0
008 260317s1950 ||| |||fr|||| 00| 0 ara d
040 _a EG-GICUC
_bara
_c EG-GICUC
_d EG-GICUC
_erda
041 0 _aAra
082 0 4 _221
_a343.3
_bم ح . ق
092 0 4 _221
099 _aLaw1 10 343.3 م ح . ق 1950
100 0 _aمحمود عاصم
_eمؤلف.
245 1 0 _aقانون الإجراءات الجنائية الجديد ومذكرته التنفيذية مع القوانين المكملة له ومذكراتها التنفيذية /
_cتأليف محمود عاصم.
264 1 _a[مكان النشر غير محدد] :
_bلجنة نشر الثقافة القانونية،
_c1950.
300 _a246 ؛صفحة
_c24 سم.
336 _2rda content
_atext
337 _2rda media
_aComputer
338 _2rda carrier
_aOnline Resource
500 _aيشتمل على ثلاث فهارس موضوعية وأبجدية وموضوعية وقانونية
546 _aالنص باللغة العربية
650 1 _aقانون الإجراءات الجنائية
_2qrmak
650 1 _aالقانون الجنائى
_2qrmak
651 1 _2qrmak
856 4 0 _uhttps://fll.law.cu.edu.eg/fulltext/bks/B10-05647.pdf
905 _a54
942 _2ddc
_cBK
_e21
_n0
999 _c66413
_d66413